02391nam a22002894c 4500003000900000008004100009020001800050040003100068041001900099080000800118100002700126245006800153250002200221264004600243300004800289336002700337337003300364338002800397490004300425520141400468521002201882650001901904700003401923942001401957999001301971952011701984AR-BaSMT230327t2021 agd|||frib|| 001 0 spa d a9789874180759 aBSGBbespañolcBSGBerda0 aspahespañol a5741 aCortizas, Ludmila95201 aAmbiente y biodiversidad en Argentina: bProblemas y desafíos aPrimera edición aBuenos Aires ; bDel Aula Taller, c2021. a58 páginas, Ilustraciones blanco y negro. 2rdacontentatextobtxt 2rdamediaasin mediaciónbn 2rdacarrieravolumenbnc aColección Sociedades y Medioambiente aSobre los autores | 5 Presentación | 7 I. ¿Desde dónde nos posicionamos? | 9 II. Componentes del ambiente | 13 Los relieves. ¿Qué son y cuáles son sus características? | 14 Climas. Elementos, factores y caracterización | 15 La red de aguas de Argentina | 17 Suelos. Características, distribución y problemas | 17 Ambientes y biodiversidad en Argentina | 21 III. Problemas y conflictos ambientales | 23 Biodiversidad en peligro. Especies amenazadas en Argentina | 23 Pérdida de la capa forestal a partir del avance de monocultivos agresores en el norte argentino | 24 Impactos ambientales producidos por la urbanización de humedales | 26 Erosión y desertificación de los suelos por sobrepastoreo en Río Negro, Patagonia argentina | 28 IV. Los espacios de conservación como estrategias de cuidado y protección de la biodiversidad | 31 Las áreas protegidas. Categorías de conservación y problemas | 31 Áreas protegidas de usos múltiples | 32 ¿De qué se trata la “famosa” Ley de Bosques? | 33 En defensa de la biodiversidad | 35 La función de los zoológicos y los jardines botánicos en la conservación de la biodiversidad | 36 Los jardines botánicos | 39 V. Pérdida de la biodiversidad, efectos en la salud y seguridad alimentaria | 41 Desafíos a tener en cuenta | 41 Apéndice gráfico | 43 Bibliografía consultada | 55 aPúblico general 7985aECOLOGÍA1 aLampert, DamiáneAutor9521 2ddcaBOOK c692d692 00102ddc40aBSGBbBSGBcCiencias NaturaleseCompra feria del libro 2025i001071l0o574 CORp001071t1yBOOKf